| 000 | 004770000a22001210004500 | ||
|---|---|---|---|
| 090 |
_aAS _bSeriadas |
||
| 245 | 1 | 0 | _aCrecimiento de cohortes de árboles coetáneos en rodales espacialmente dispersos: el caso de Campnosperma panamensis |
| 041 | 0 | _aEspañol | |
| 700 | 1 |
_aLema Tapias, Alvaro _917483 |
|
| 100 | 1 |
_aDel Valle, Jorge Ignacio _999105 |
|
| 942 | _cARTICULO | ||
| 773 | 1 |
_tRevista de la Academia Colombiana de Ciencias Exactas, Fisicas y Naturales _332 _h87 _q249-260 _d1999 _g23 |
|
| 999 |
_c14080 _d14080 |
||